000 01271cam a2200241 4500
001 WB3709-11
008 000000n2001 000 0 eng u
035 _a(Sirsi) u111184
245 _aHSE to open new RIDDOR Incident Contact Centre.
260 _c2001
490 _aHSE Information Sheet
_v27 February 2001, (3)
520 _aThe HSE has announced the simplification of the reporting procedures under the Reporting of Injuries, Diseases and Dangerous Occurrences Regulations 1995. From 1 April 2001 anyone needing to report a death, major injury, work related disease, dangerous occurrence or an injury that results in someone being unable to work for more than three days will be able to contact a new Incident Contact Centre in Caerphilly, Tel: 0845 300 9923, Fax: 0845 300 9924. It will also be possible to submit accident reports via the RIDDOR website: http://www.riddor.gov.uk, or by email: [email protected].
590 _aWB
650 _aACCIDENTS AT WORK
650 _aDEATHS
650 _aFATAL ACCIDENTS
650 _aHEALTH AND SAFETY EXECUTIVE
650 _aHSE
650 _aREPORTING OF INJURIES, DISEASES AND DANGEROUS OCCURRENCES REGULATIONS 1995
650 _aRIDDOR REGULATIONS
690 _aHealth and safety
_96244
942 _n0
999 _c66236
_d66236